Electronic tagging and wireless technologies (Record no. 104885)

MARC details
000 -LEADER
fixed length control field 01092cam a2200229 4500
001 - CONTROL NUMBER
control field ##L131869
008 - FIXED-LENGTH DATA ELEMENTS--GENERAL INFORMATION
fixed length control field 051213n2002 000 0 eng u
020 ## - INTERNATIONAL STANDARD BOOK NUMBER
International Standard Book Number 1860815952
035 ## - SYSTEM CONTROL NUMBER
System control number (Sirsi) u131869
041 0# - LANGUAGE CODE
Language code of text/sound track or separate title eng
050 04 - LIBRARY OF CONGRESS CALL NUMBER
Classification number 658.99 $2 18
100 1# - MAIN ENTRY--PERSONAL NAME
Personal name Bassi, R.
245 00 - TITLE STATEMENT
Title Electronic tagging and wireless technologies
Remainder of title application in the construction industry
260 ## - PUBLICATION, DISTRIBUTION, ETC.
Place of publication, distribution, etc. London
Name of publisher, distributor, etc. BRE
Date of publication, distribution, etc. 2002
300 ## - PHYSICAL DESCRIPTION
Extent 6p
Other physical details tables
Dimensions 30cm
490 #0 - SERIES STATEMENT
Series statement BRE Information Paper
Volume/sequential designation IP 16/02(part 1)
520 ## - SUMMARY, ETC.
Summary, etc. The first part of this two part information paper gives examples of the use of tagging technology in other industrial sectors, specifically at Lynx Express and Bovis Lend Lease, considers possible applications in the construction industry, and how the industry can be encouraged to adopt the technology. Part two examines the possible potential use of information and communication technology in the construction industry supply chain.
651 #4 - SUBJECT ADDED ENTRY--GEOGRAPHIC NAME
Geographic name United Kingdom
Chronological subdivision
690 ## - LOCAL SUBJECT ADDED ENTRY--TOPICAL TERM (OCLC, RLIN)
Topical term or geographic name as entry element MANAGEMENT-BUSINESS MANAGEMENT-INFORMATION MANAGEMENT
700 1# - ADDED ENTRY--PERSONAL NAME
Personal name Parand, F.
942 ## - ADDED ENTRY ELEMENTS (KOHA)
Suppress in OPAC 0
Holdings
Withdrawn status Lost status Source of classification or shelving scheme Damaged status Not for loan Home library Current library Shelving location Date acquired Total Checkouts Full call number Barcode Date last seen Copy number Price effective from Koha item type
    Dewey Decimal Classification     London London BRE publications 13/12/2005   ENQUIRY DESK 30070634 06/08/2019 1 06/08/2019 Book